[Event "Florianopolis op 8th"]
[Site "Florianopolis"]
[Date "2022.01.26"]
[Round "4"]
[White "Dos Santos Junior, Joao Batista"]
[Black "Monici, Arthur Brecht De Fr"]
[Result "1-0"]
[WhiteElo "1724"]
[BlackElo "1295"]
[PlyCount "63"]
[EventDate "2022.01.24"]
[EventType "swiss"]
[EventRounds "10"]
[EventCountry "BRA"]
[SourceTitle "EXT 2023"]
[Source "ChessBase"]
[SourceDate "2022.10.05"]
[SourceVersion "1"]
[SourceVersionDate "2022.10.05"]
[SourceQuality "1"]

1. c4 c6 2. Nc3 d5 3. cxd5 cxd5 4. Nf3 Nc6 5. g3 Bf5 6. d3 Nf6 7. Bg2 d4 8. Nb1 e6 9. 0-0 Nd5 10. Nbd2 Be7 11. Nc4 h5 12. Qa4 Kf8 13. Nfe5 Nxe5 14. Nxe5 f6 15. Nf3 e5 16. Nh4 Bh7 17. Qb3 g5 18. Bxd5 gxh4 19. Bh6+ Ke8 20. Rac1 Bg6 21. Bg7 Rh7 22. Bxb7 Rxg7 23. Bxa8 Qxa8 24. Qe6 Kd8 25. Rc2 Bf7 26. Qf5 hxg3 27. fxg3 h4 28. Rfc1 Ke8 29. Rc8+ Qxc8 30. Rxc8+ Bd8 31. Qxf6 Be6 32. Rxd8# 1-0

[Event "Brasilia Terraviva op"]
[Site "Brasilia"]
[Date "2016.04.24"]
[Round "7"]
[White "Dos Santos Junior, Joao Batista"]
[Black "Barbosa, Eugenio Seve de Me"]
[Result "0-1"]
[WhiteElo "1741"]
[BlackElo "2032"]
[PlyCount "88"]
[EventDate "2016.04.21"]
[EventType "swiss"]
[EventRounds "7"]
[EventCountry "BRA"]
[SourceTitle "CBM 172 Extra"]
[Source "ChessBase"]
[SourceDate "2016.06.21"]
[SourceVersion "1"]
[SourceVersionDate "2016.06.21"]
[SourceQuality "1"]

1. c4 Nf6 2. Nf3 g6 3. g3 Bg7 4. Bg2 0-0 5. 0-0 d5 6. cxd5 Nxd5 7. Re1 e5 8. Nc3 Nb6 9. d3 h6 10. Bd2 Nc6 11. Qc1 Kh7 12. Rb1 Be6 13. a3 Bb3 14. Ne4 Be6 15. Nc5 Bc8 16. Bc3 Nd4 17. b4 c6 18. Nd2 Qe7 19. e3 Nb5 20. Ba1 Bf5 21. Nde4 Rab8 22. d4 Rfe8 23. Rb3 exd4 24. a4 Nd6 25. exd4 Nd5 26. f3 Be6 27. Rb1 Nf5 28. Nxe6 fxe6 29. Qd2 b6 30. Nf2 b5 31. a5 Nd6 32. Nd3 Nc4 33. Qc1 Qg5 34. f4 Qe7 35. Nc5 Qf7 36. Bh3 Nc7 37. Qd1 Rbd8 38. Rb3 e5 39. Rd3 exd4 40. Rxe8 Qxe8 41. Bf1 Nd5 42. Qe2 Qxe2 43. Bxe2 Nxb4 44. Rd1 Ne3 0-1

[Event "Brasilia Terraviva op"]
[Site "Brasilia"]
[Date "2016.04.22"]
[Round "3"]
[White "Dos Santos Junior, Joao Batista"]
[Black "Penha, Evelyn Maximiano"]
[Result "1/2-1/2"]
[WhiteElo "1741"]
[BlackElo "1625"]
[PlyCount "82"]
[EventDate "2016.04.21"]
[EventType "swiss"]
[EventRounds "7"]
[EventCountry "BRA"]
[SourceTitle "CBM 172 Extra"]
[Source "ChessBase"]
[SourceDate "2016.06.21"]
[SourceVersion "1"]
[SourceVersionDate "2016.06.21"]
[SourceQuality "1"]

1. e4 c5 2. Nf3 e6 3. Be2 a6 4. b3 Nc6 5. Bb2 Nf6 6. e5 Nd5 7. 0-0 Nf4 8. Re1 Nxe2+ 9. Qxe2 Be7 10. Nc3 0-0 11. Rad1 Nb4 12. d4 d5 13. exd6 Qxd6 14. Ne4 Qc7 15. a3 Nd5 16. dxc5 Bxc5 17. Nxc5 Qxc5 18. c4 Nf4 19. Qe4 Ng6 20. b4 Qc7 21. Ne5 Ne7 22. Rd3 f6 23. Rg3 Nf5 24. Rh3 fxe5 25. Bxe5 Qf7 26. g4 Nh6 27. Rf1 Qg6 28. Qd4 Nf5 29. Qe4 Nh6 30. Qg2 Nf7 31. Bc3 Ng5 32. Re3 Nf7 33. f4 Rb8 34. Rg3 Nh6 35. h4 Bd7 36. f5 Qf7 37. Qe2 Rfe8 38. f6 g6 39. Be5 Nf5 40. gxf5 exf5 41. Re3 Bc6 1/2-1/2

[Event "Brasilia Centro Oeste-ch"]
[Site "Brasilia"]
[Date "2015.05.15"]
[Round "3"]
[White "Di Simoni, Rafaela Moura"]
[Black "Dos Santos Junior, Joao Batista"]
[Result "1/2-1/2"]
[WhiteElo "1579"]
[BlackElo "1824"]
[PlyCount "57"]
[EventDate "2015.05.15"]
[EventType "swiss"]
[EventRounds "6"]
[EventCountry "BRA"]
[SourceTitle "CBM 166 Extra"]
[Source "ChessBase"]
[SourceDate "2015.06.18"]
[SourceVersion "1"]
[SourceVersionDate "2015.06.18"]
[SourceQuality "1"]

1. d4 Nf6 2. c4 c5 3. d5 g6 4. Nc3 Bg7 5. Nf3 0-0 6. e4 d6 7. Bd3 Bd7 8. 0-0 Qc8 9. Bg5 Na6 10. Re1 Bg4 11. e5 dxe5 12. Rxe5 Re8 13. Qe2 e6 14. Re1 Nd7 15. Re4 Bf5 16. Re3 Bxd3 17. Qxd3 e5 18. Nb5 Qb8 19. h3 f6 20. Bh4 Nc7 21. Nd6 Rf8 22. Qb3 b6 23. Qa4 b5 24. Nxb5 Nxb5 25. Qxb5 Qd6 26. b3 a5 27. Nd2 Rab8 28. Qa4 f5 29. Nf3 1/2-1/2

[Event "Brasilia Centro Oeste-ch"]
[Site "Brasilia"]
[Date "2015.05.15"]
[Round "2"]
[White "Dos Santos Junior, Joao Batista"]
[Black "Wolff, Carlos Alberto"]
[Result "0-1"]
[WhiteElo "1824"]
[BlackElo "1931"]
[PlyCount "60"]
[EventDate "2015.05.15"]
[EventType "swiss"]
[EventRounds "6"]
[EventCountry "BRA"]
[SourceTitle "CBM 166 Extra"]
[Source "ChessBase"]
[SourceDate "2015.06.18"]
[SourceVersion "1"]
[SourceVersionDate "2015.06.18"]
[SourceQuality "1"]

1. e4 e5 2. Nf3 Nc6 3. Bb5 Bc5 4. 0-0 Nge7 5. c3 0-0 6. d4 exd4 7. cxd4 Bb6 8. Nc3 d5 9. Bg5 f6 10. Be3 Bg4 11. exd5 Nxd5 12. Bc4 Nce7 13. Nxd5 Nxd5 14. Qb3 c6 15. Ne1 Kh8 16. Nd3 Re8 17. Bxd5 Qxd5 18. Qxd5 cxd5 19. Nc5 Re7 20. Rac1 Rae8 21. h3 Bc8 22. b4 Kg8 23. a4 Bc7 24. Rc3 Bd6 25. Rb3 b6 26. Nd3 g5 27. b5 h6 28. Nb4 Bxb4 29. Rxb4 Rc7 30. Rc1 Rxc1+ 0-1

[Event "Brasilia Region"]
[Site "Brasilia"]
[Date "2013.09.13"]
[Round "2.10"]
[White "Dos Santos Junior, Joao Batista"]
[Black "Dantas, Victor Lima"]
[Result "1-0"]
[WhiteElo "1800"]
[BlackElo "1784"]
[PlyCount "47"]
[EventDate "2013.09.13"]
[EventType "swiss"]
[EventRounds "5"]
[EventCountry "BRA"]
[SourceTitle "EXT 2022"]
[Source "ChessBase"]
[SourceDate "2021.10.06"]
[SourceVersion "1"]
[SourceVersionDate "2021.10.06"]
[SourceQuality "1"]

1. e4 d5 2. exd5 Qxd5 3. Nc3 Qd6 4. Nf3 Nc6 5. Be2 Nf6 6. 0-0 Bf5 7. Nb5 Qd7 8. c3 e5 9. d4 exd4 10. Nbxd4 Nxd4 11. Nxd4 Rd8 12. Qb3 Bd6 13. Bg5 h6 14. Bxf6 gxf6 15. Qxb7 Bh3 16. Bb5 c6 17. Bxc6 Bxg2 18. Rfe1+ Be5 19. Bxd7+ Kf8 20. Bc6 Rb8 21. Qd7 Bxc6 22. Nxc6 Rg8+ 23. Kf1 Rxb2 24. Nxe5 1-0

[Event "Brasilia Region"]
[Site "Brasilia"]
[Date "2013.09.13"]
[Round "5.5"]
[White "Dos Santos Junior, Joao Batista"]
[Black "Martins, Romildo Magalhaes"]
[Result "1-0"]
[WhiteElo "1800"]
[BlackElo "1989"]
[PlyCount "56"]
[EventDate "2013.09.13"]
[EventType "swiss"]
[EventRounds "5"]
[EventCountry "BRA"]
[SourceTitle "EXT 2022"]
[Source "ChessBase"]
[SourceDate "2021.10.06"]
[SourceVersion "1"]
[SourceVersionDate "2021.10.06"]
[SourceQuality "1"]

1. d4 Nf6 2. Nf3 c5 3. c3 e6 4. Bf4 Nc6 5. e3 Be7 6. Bd3 0-0 7. Nbd2 d6 8. h3 Re8 9. 0-0 Bf8 10. Bg5 h6 11. Bh4 e5 12. d5 Ne7 13. Bxf6 gxf6 14. c4 f5 15. Nh2 Ng6 16. Qh5 e4 17. Bc2 Re5 18. f4 exf3 19. Qxf3 Nh4 20. Qg3+ Bg7 21. Rae1 Qe7 22. Nhf3 Nxf3+ 23. Rxf3 Bd7 24. Qf2 Qg5 25. Rg3 Qh4 26. Rf3 Rae8 27. Rf1 Rxe3 28. Qg3 Qg5 1-0

[Event "Brasilia Region"]
[Site "Brasilia"]
[Date "2013.09.13"]
[Round "1.4"]
[White "Januario, Severino Pereira"]
[Black "Dos Santos Junior, Joao Batista"]
[Result "1-0"]
[WhiteElo "2159"]
[BlackElo "1800"]
[PlyCount "69"]
[EventDate "2013.09.13"]
[EventType "swiss"]
[EventRounds "5"]
[EventCountry "BRA"]
[SourceTitle "EXT 2022"]
[Source "ChessBase"]
[SourceDate "2021.10.06"]
[SourceVersion "1"]
[SourceVersionDate "2021.10.06"]
[SourceQuality "1"]

1. e4 e5 2. Nf3 Nc6 3. Bb5 Nf6 4. 0-0 Bc5 5. d3 0-0 6. c3 d5 7. Qe2 Bg4 8. h3 Bh5 9. Bg5 Qd6 10. Nbd2 a6 11. Ba4 b5 12. Bb3 d4 13. Rfd1 Rab8 14. Nf1 h6 15. Bxf6 Qxf6 16. g4 Bg6 17. Rac1 Bb6 18. Ng3 Na5 19. Bc2 c5 20. Kg2 Rbd8 21. cxd4 cxd4 22. b4 Nb7 23. Bb3 Rc8 24. Qd2 a5 25. Bd5 Rxc1 26. Rxc1 Nd8 27. bxa5 Ba7 28. Ne2 Bb8 29. Rc8 Ne6 30. Qc2 Bd6 31. Rxf8+ Bxf8 32. a6 Nf4+ 33. Nxf4 Qxa6 34. Nxg6 Qxg6 35. Nxe5 1-0